000 00892cam a2200205 4500
001 ABS65448
008 020430n2002 000 0 eng u
035 _a(Sirsi) u117779
100 _aCooper, P
245 _aIs urban renewal best with a regional flavour?
260 _c2002
490 _aUrban Environment Today
_v(145) 18 April 2002, 10-11(2)
520 _aReports on implications for urban areas of regional government white paper, to be launched May 2002, which will outline plans for devolution of powers to give RDAs and regional assemblies greater potential to guide economic and physical regeneration of their regions. Concludes that public commitment to regional development seems proportional to the distance from London.
590 _aABS
650 _aRDAS
650 _aREGIONAL GOVERNMENT
650 _aREGIONAL DEVELOPMENT
690 _aREGENERATION
942 _n0
999 _c70130
_d70130